|
|
|
|
| LEADER |
00000nam0a2200000 4500 |
| 001 |
316363 |
| 005 |
20231102002852.0 |
| 035 |
|
|
|a (RuTPU)RU\TPU\book\341801
|
| 090 |
|
|
|a 316363
|
| 100 |
|
|
|a 20160318d1958 km y0rusy50 ca
|
| 101 |
0 |
|
|a rus
|
| 102 |
|
|
|a RU
|
| 105 |
|
|
|a a z 001zy
|
| 200 |
1 |
|
|a Гидроэлектростанции Франции
|f А. М. Румянцев
|
| 210 |
|
|
|a Москва
|a Ленинград
|c Госэнергоиздат
|d 1958
|
| 215 |
|
|
|a 112 с.
|c ил.
|
| 320 |
|
|
|a Библиогр.: с. 111-112
|
| 606 |
1 |
|
|a Гидроэлектрические станции
|2 stltpush
|3 (RuTPU)RU\TPU\subj\7095
|9 34826
|
| 610 |
1 |
|
|a Франция
|
| 610 |
1 |
|
|a гидроэнергетические ресурсы
|
| 610 |
1 |
|
|a использование
|
| 610 |
1 |
|
|a водноэнергетические ресурсы
|
| 610 |
1 |
|
|a характеристика
|
| 610 |
1 |
|
|a плотины
|
| 610 |
1 |
|
|a шлюзы
|
| 610 |
1 |
|
|a строительные работы
|
| 675 |
|
|
|a 621.311.21
|v 4
|
| 700 |
|
1 |
|a Румянцев
|b А. М.
|g Александр Михайлович
|
| 801 |
|
1 |
|a RU
|b 63413507
|c 20160318
|
| 801 |
|
2 |
|a RU
|b 63413507
|c 20171026
|g RCR
|
| 942 |
|
|
|c BK
|